Random Latin Sentences #3 - Statistics

General Stats
  • This quiz has been taken 40 times
  • The average score is 15 of 31
Answer Stats
Hint Answer % Correct
Octo Eight
87%
Duo Two
87%
Non Not
74%
Stephenus Stephen
68%
Stephenus Stephen
68%
Bobbus Bob
65%
Bobbus Bob
65%
Bobbus Bob
65%
Bobbus Bob
65%
Nomene Named
61%
Per Through
58%
Per Through
58%
Sed But
55%
Sed But
55%
Silva Forest
48%
Silva Forest
48%
Audiverunt Heard
45%
Vidi Looked
39%
Vulgus People
39%
Vulgus People
39%
Vulgus People
39%
Vulgus People
39%
Ambulaverunt Walked
39%
Poterat Could
35%
Eum Him
35%
Invenient Find
32%
Disparata Disappeared
29%
Ducibunt Led
26%
Ducibunt Led
26%
Strepitus Noises
19%
Fatum Weird
16%
No matching quizzes found
Score Distribution
Percent of People with Each Score
Percentile by Number Answered
Your Score History
You have not taken this quiz